Statistics for Chocolate General Knowledge

Click here to take the quiz!

General Stats

  • This quiz has been taken 28 times
  • The average score is 3 of 8

Answer Stats

HintAnswer% Correct
Which chocolate is considered the healthiest?Dark
92%
During which war were M&Ms created?World War Two
72%
Which holiday is the most common time to buy chocolate?Halloween
68%
Where does chocolate grow?Trees
32%
How many pounds of chocolate does the average American eat yearly?12
28%
Which European capital city hosted the first European chocolate shop?London
24%
What can chocolate cause (starting with M)?Migraines
8%
Doctors used chocolate to treat what 100 years ago?Fever
0%

Score Distribution

Percentile by Number Answered

Percent of People with Each Score

Your Score History

You have not taken this quiz